Word Scramble - ATP Tennis Players - Statistics

General Stats
  • This quiz has been taken 66 times
    56 since last reset
  • The average score is 10 of 12
Answer Stats
Gibberish Player % Correct
ynad krddioc Andy Roddick
100%
onhj coenemr John McEnroe
100%
ramin cclii Marin Cilic
100%
ankov jcoodkiv Novak Djokovic
100%
eetp mapsars Pete Sampras
100%
odr vlaer Rod Laver
100%
georr rdfeeer Roger Federer
100%
nast wwraakin Stan Wawrinka
100%
enk oserlawl Ken Rosewall
90%
idnial vmevdeed Daniil Medvedev
89%
aredn gssiaa Andre Agassi
83%
idconmi emiht Dominic Thiem
78%
vina llden Ivan Lendl
78%
ylltone twheti Lleyton Hewitt
75%
fetsan gerbed Stefan Edberg
75%
vidda rrrefe David Ferrer
73%
tmraa fanis Marat Safin
71%
lraeaf daaln Rafael Nadal
71%
myjmi nrocnso Jimmy Connors
50%
No matching quizzes found
Score Distribution
Percent of People with Each Score
Percentile by Number Answered
Your Score History
You have not taken this quiz since the last reset